World Rivers Map Quiz - Statistics

General Stats
  • This quiz has been taken 1,562 times
    1,513 since last reset
  • The average score is 7 of 9
Answer Stats
River % Correct
Mississippi
97%
Nile
97%
Amazon
94%
Danube
80%
Congo
73%
Yellow
73%
Mekong
65%
Yukon
58%
Ob
47%
No matching quizzes found
Score Distribution
Percent of People with Each Score
Percentile by Number Answered
Your Score History
You have not taken this quiz since the last reset